000 01350nam a2200349 a 4500
001 ebr10491924
003 CaPaEBR
006 m u
007 cr cn|||||||||
008 041222s2005 pau sb 001 0 eng d
010 _z 2004065106
020 _z081223877X (alk. paper)
020 _z9780812219715
020 _z9780812201253 (e-book)
040 _aCaPaEBR
_cCaPaEBR
035 _a(OCoLC)759158195
043 _an------
050 1 4 _aBF1584.N58
_bW57 2005eb
082 0 4 _a133.4/3/0973
_222
245 0 0 _aWitchcraft and magic
_h[electronic resource] :
_bcontemporary North America /
_cedited by Helen A. Berger.
260 _aPhiladelphia, Pa. :
_bUniversity of Pennsylvania Press,
_cc2005.
300 _a207 p.
504 _aIncludes bibliographical references (p. [177]-195) and index.
533 _aElectronic reproduction.
_bPalo Alto, Calif. :
_cebrary,
_d2011.
_nAvailable via World Wide Web.
_nAccess may be limited to ebrary affiliated libraries.
650 0 _aWitchcraft
_zNorth America.
650 0 _aMagic
_zNorth America.
650 0 _aNeopaganism
_zNorth America.
655 7 _aElectronic books.
_2local
700 1 _aBerger, Helen A.,
_d1949-
710 2 _aebrary, Inc.
856 4 0 _uhttp://site.ebrary.com/lib/rucke/Doc?id=10491924
_zAn electronic book accessible through the World Wide Web; click to view
999 _c228506
_d228506